00620 2200217 4500001002100000005001500021035002000036007000300056008004100059082001000100084001600110100002200126245005100148250001900199260004400218300003800262700001900300504001500319600004000334856002800374INLIS00000000113708320220118121025 a0010-0122002184ta220118 0  a617.4 a617.4 NIN m0 aNining Y. Ningsih1 aMempertahankan produk asi /cNining Y. Ningsih acetakan ketiga aJakarta :bPT MUSI PERKASA UTAMA,c2005 aviii+34 halaman :b... ;c13x20cm0 aMaman Suryaman ahalaman 34 4aPembedahan dan topik yang berkaitan aDinas Perpustakaan Umum